EAP 101 intermediate English for academic purposes : (Record no. 10557)

MARC details
000 -LEADER
fixed length control field 00383nam a22001337a 4500
005 - DATE AND TIME OF LATEST TRANSACTION
control field 20260310085447.0
008 - FIXED-LENGTH DATA ELEMENTS--GENERAL INFORMATION
fixed length control field 260310b |||||||| |||| 00| 0 eng d
040 ## - CATALOGING SOURCE
Transcribing agency RTC
082 ## - DEWEY DECIMAL CLASSIFICATION NUMBER
Classification number REF 420.24 ROY
110 ## - MAIN ENTRY--CORPORATE NAME
Corporate name or jurisdiction name as entry element Royal Thimphu College
245 ## - TITLE STATEMENT
Title EAP 101 intermediate English for academic purposes :
Remainder of title course pack spring 2026
300 ## - PHYSICAL DESCRIPTION
Extent 185 p.;
Dimensions 40 Cm
942 ## - ADDED ENTRY ELEMENTS (KOHA)
Source of classification or shelving scheme Dewey Decimal Classification
Koha item type Reference
Holdings
Withdrawn status Lost status Source of classification or shelving scheme Damaged status Not for loan Collection code Home library Current library Shelving location Date acquired Cost, normal purchase price Inventory number Total Checkouts Full call number Barcode Date last seen Price effective from Koha item type
    Dewey Decimal Classification     Reference RTC Library RTC Library Reference 10/03/2026 320.00 19919   REF 420.24 ROY 30021137 10/03/2026 10/03/2026 Reference
    Dewey Decimal Classification     Reserve RTC Library RTC Library Reserve 10/03/2026 320.00 19920   420.24 ROY c1 30021138 10/03/2026 10/03/2026 Student Reserve
    Dewey Decimal Classification     Reserve RTC Library RTC Library Reserve 10/03/2026 320.00 19921   420.24 ROY c2 30021139 10/03/2026 10/03/2026 Student Reserve
    Dewey Decimal Classification     Reserve RTC Library RTC Library Reserve 10/03/2026 320.00 19922   420.24 ROY c3 30021140 10/03/2026 10/03/2026 Student Reserve
    Dewey Decimal Classification     Reserve RTC Library RTC Library Reserve 10/03/2026 320.00 19923   420.24 ROY c4 30021141 10/03/2026 10/03/2026 Student Reserve
Royal Thimphu College || All Right Reserved